000 00364nam a2200157Ia 4500
005 20250425161646.0
008 250425s9999 xx 000 0 und d
041 _aeng
082 _aIBM4381
245 0 _aTHE FLOW OF HOMOGENEOUS FLUIDS TROUGH POROUS
250 _aS.E.
260 _aS.L.
260 _aSin Pais
_bIHRD
_c1982
942 _c01
010 _a25256
999 _c213514
_d213514